|
|
|
|
| LEADER |
01422nam a2200277 u 4500 |
| 001 |
10064750 |
| 003 |
upatras |
| 005 |
20210117201256.0 |
| 008 |
071205s1988 gr gre |
| 040 |
|
|
|a GR-PaULI
|c GR-PaULI
|
| 041 |
0 |
|
|a gre
|
| 082 |
0 |
4 |
|a 362.73
|
| 110 |
|
0 |
|a Ελληνική Εταιρεία Ψυχικής Υγιεινής και Νευροψυχιατρικής του Παιδιού
|9 57889
|
| 245 |
1 |
0 |
|a Μεγαλώνοντας σε ίδρυμα...
|c Ελληνική Εταιρεία Ψυχικής Υγιεινής και Νευροψυχιατρικής του Παιδιού; επιμέλεια Θεανώ Καλλινικάκη
|
| 260 |
|
|
|a Αθήνα
|b [χ.ό.]
|c 1988
|
| 300 |
|
|
|a 88 σ.
|b σχημ.
|c 21 εκ.
|
| 504 |
|
|
|a Περιέχει βιβλιογραφικές παραπομπές
|
| 650 |
|
4 |
|a Παιδιά
|x Πρόνοια
|z Ελλάδα
|9 46577
|
| 650 |
|
4 |
|a Παιδιά
|x Ιδρύματα προστασίας
|9 57890
|
| 650 |
|
4 |
|a Ορφανά και ορφανοτροφεία
|9 56941
|
| 700 |
1 |
|
|a Καλλινικάκη, Θεανώ Ν.
|4 edt
|9 48590
|
| 852 |
|
|
|a GR-PaULI
|b ΠΑΤΡΑ
|b ΠΤΔΕ
|k ΑΣΧΕ
|h 362.73 ΚΑΛ
|m 6454
|p 025000035468
|t 1
|
| 942 |
|
|
|2 ddc
|c BK15
|
| 952 |
|
|
|0 0
|1 0
|4 0
|6 362_730000000000000_ΚΑΛ
|7 0
|9 63920
|a PTDE
|b PTDE
|d 2016-04-24
|i 6454
|l 0
|o 362.73 ΚΑΛ
|p 025000035468
|r 2016-04-24 00:00:00
|t 1
|w 2016-04-24
|y BK15
|
| 998 |
|
|
|c ΤΣΕΝΕ
|d 2007-12
|
| 999 |
|
|
|c 41057
|d 41057
|